000 00274nam a2200109Ia 4500
008 190216s9999||||xx |||||||||||||| ||und||
100 _aBhatia M S
245 0 _aCbs Quick Medical Examinations Review Vol I
260 _bCbs Publishers
_c1992
300 _a1256p
942 _cREF
999 _c36207
_d36207